F1 Drivers 2024 - Statistics

General Stats
  • This quiz has been taken 21 times
  • The average score is 20 of 24
Answer Stats
Hint Answer % Correct
Mercedes (UK) Hamilton
100%
Ferrari (MON) Leclerc
100%
Haas (GER) Hulkenberg
94%
Redbull (NED) Verstappen
94%
Haas (DEN) Magnussen
88%
Mc Laren (UK) Norris
88%
Mercedes (UK) Russell
88%
Ferrari (SPA) Sainz
88%
Aston Martin (SPA) Alonso
82%
Ferrari (UK) Bearman
82%
Haas (UK) Bearman
82%
Stake (FIN) Bottas
82%
Alpine (FRA) Gasly
82%
Racing Bulls (NEZ) Lawson
82%
Redbull (MEX) Perez
82%
Mc Laren (AUS) Piastri
82%
Racing Bulls (AUS) Ricciardo
82%
Aston Martin (CAN) Stroll
82%
Stake (CHI) Zhou
82%
Williams (THA) Albon
76%
Williams (ARG) Colapinto
76%
Alpine (FRA) Ocon
76%
Racing Bulls (JAP) Tsunoda
76%
Williams (USA) Sargeant
71%
No matching quizzes found
Score Distribution
Percent of People with Each Score
Percentile by Number Answered
Your Score History
You have not taken this quiz